| 000 | 00347nam a2200133Ia 4500 | ||
|---|---|---|---|
| 008 | 240624s9999 xx 000 0 und d | ||
| 041 | _aeng | ||
| 082 | _a659.2 KAD | ||
| 100 | _aKADOR JOHN | ||
| 245 | _aEFFECTIVE APOLOGY MENDING FENCES BUILDIN | ||
| 260 |
_c2011 _aNew Delhi _bTata McGraw-Hill |
||
| 300 | _a273 : p. : cm. ; 26 | ||
| 365 |
_cRS _b33 |
||
| 999 |
_c26173 _d26173 |
||